000 00914nam a22002657a 4500
999 _c65085
_d65085
005 20240530110806.0
008 190227s2018 ua af f b 000 0 ara d
017 _a2017/27035
_bمصر. دار الكتب
020 _a9789777861250
040 _aEG-CaGPL
_cEG-CaGPL
082 0 4 _221
_a792.022/
_bخ م
100 0 _aخزعل الماجدى
245 1 0 _aمسرح الصورة /
_cخزعل الماجدى
250 _aط.1
260 _aالقاهرة :
_bدار غراب للنشر والتوزيع،
_c2018.
300 _a265 ص. :
_bايض ؛
_c24 سم.
504 _aيشتمل على ارجاعات ببليوجرافية
650 0 7 _2qrmak
_aالعروض المسرحية
650 0 7 _2qrmak
_aالتذوق المسرحى
650 0 7 _2qrmak
_aالتمثيل فى المسرح
651 _2qrmak
653 0 _aمسرح الصورة
942 _2ddc
_cBK